Score 0/26 Timer 10:00
0 Plays Today
Question Answer Wrong Answers
When did RiiOTBro first get laid Never
91.2%
2012
0%
2014
2.9%
2017
0%
Halo or Call of Duty Battlefield
85.3%
Call of Duty
0%
Halo
8.8%
When did RiiOTBro create his channel? 2014
84.9%
1337
1.9%
2017
3.8%
69
9.4%
Josh Hogan vs Chris Hogan Hulk Hogan
83.3%
Chris Hogan
4.2%
Josh Hogan
4.2%
John Cena vs Rock Rock
82.4%
John Cena
11.8%
Is this quiz fun? End my life
81.8%
No
6.1%
Yes
3%
Maybe
3%
Tits or Ass Ass
79.4%
Tits
14.7%
When was RiiOTBro born? 2002
75%
20015
3.8%
2000015
11.5%
1966
1.9%
How old am I? 2
70.6%
1738
5.9%
420
8.8%
69
8.8%
What is RiiOTBro's most viewed video Greatest Jacob Sartorius roast
67.9%
ROGER.mp4
13.2%
Best mlg moments
7.5%
cod aw gp
7.5%
Rock vs John Cena John Cena
67.6%
Rock
26.5%
What is RiiOTBro's favorite class? BigrjGaming13 101
67.3%
Intro to Microsoft
12.2%
Julian Medrano
6.1%
Vancouver Canucks
6.1%
I LOVE POKEMON GO ewgfew
66.7%
gwge
12.5%
wggew
0%
gw
12.5%
When will Julian subscribe? Yesterday
65.4%
Never
7.7%
Tomorrow
9.6%
Never
9.6%
Who is RiiOTBro's #1 fan? RiiOTBro
64.2%
BigRJGaming13
28.3%
Dylan Hollywood
5.7%
Talib Ferette
1.9%
When will RiiOTBro do a face reveal? 300 subs
63.3%
130 subs
4.1%
1,000,000,000 subs
14.3%
10 subs
10.2%
Last Question. Will you subscribe to RiiOTBro? stfu
60.6%
Sure
12.1%
No thanks
12.1%
Maybe one day
9.1%
How old am I 2
58.5%
1
1.9%
3
3.8%
14
28.3%
What is the best Call of Duty game? Ghosts
58.3%
BO2
8.3%
BO1
4.2%
MW2
20.8%
How many bitches does RiiOTBro get 1
57.6%
0
27.3%
500
3%
1,000,000
6.1%
When is the Souja Boy Chris Brown Fight? Never
52.9%
March 30 2017
11.8%
Yesterday
23.5%
April 1 2012
5.9%
What is RiiOTBro's favorite video game? Halo 2
48.5%
Jet Set Radio
9.1%
WWE SvR 2009
33.3%
COD MW2
3%
Matt Loreg White
45.8%
Cool
0%
Not Cool
0%
Arthur
45.8%
What is the best Wrestlemania 21
41.7%
27
12.5%
28
0%
25
37.5%
Who's the best out of these youtubers? Joey Mccampbell
37.5%
BigrjGaming13
20.8%
Mike's Wood Skillz
33.3%
Michaels Tech
0%
Stop playing this quiz Finally
16.7%
NEVER
8.3%
I LOVE JULIAN
66.7%

You're not logged in!

Compare scores with friends on all Sporcle quizzes.
OR
Log In

Sporcle TV

Today on Sporcle TV


Watch our educational content, quiz creation guides, and fun videos on Sporcle TV.

Show Comments

Extras

Created Jan 27, 2017ReportNominate
Tags:youtube

Top Quizzes Today


Score Distribution

Paid Content

Your Account Isn't Verified!

In order to create a playlist on Sporcle, you need to verify the email address you used during registration. Go to your Sporcle Settings to finish the process.

Report this User

Report this user for behavior that violates our Community Guidelines.

Details: